Score 0/20 Timer 08:00
0 Plays Today
Town % Correct
Reading
72%
Ipswich
64.8%
Milton Keynes
60.2%
Swindon
57.5%
Blackpool
55.2%
Middlesbrough
54.8%
Luton
51.7%
Bolton
51.7%
Bournemouth
47.1%
Huddersfield
44.1%
Town % Correct
Brighton
43.3%
Southend-on-Sea
42.9%
Dudley
41.8%
Watford
41.8%
Slough
38.3%
Walsall
35.6%
Stockport
33%
Poole
31.8%
West Bromwich
31%
Telford
27.6%

You're not logged in!

Compare scores with friends on all Sporcle quizzes.
OR
Log In

Sporcle TV

Today on Sporcle TV


Watch our educational content, quiz creation guides, and fun videos on Sporcle TV.

Show Comments

Extras

Top Quizzes Today


Score Distribution

Paid Content

Your Account Isn't Verified!

In order to create a playlist on Sporcle, you need to verify the email address you used during registration. Go to your Sporcle Settings to finish the process.

Report this User

Report this user for behavior that violates our Community Guidelines.

Details: